| 000 | 01628cam a22004214i 4500 | ||
|---|---|---|---|
| 003 | PE-LiUPU | ||
| 005 | 20250731184111.0 | ||
| 008 | 150707s1999 sp r 0 eng | ||
| 020 | _a0582427452 | ||
| 020 | _a9780582427457 | ||
| 035 | _a(Sirsi) i9780582427457 | ||
| 035 | _a(Sirsi) 43369 | ||
| 040 |
_aPE-LiUPU _bspa _cPE-LiUPU _dPE-LiUPU _erda |
||
| 049 | _aPRUA | ||
| 082 | 0 | 4 |
_a823 _bS79 _220 |
| 100 | 1 |
_aStevenson, Robert Louis, _eautor. |
|
| 245 | 1 | 4 |
_aThe strange case of Dr. Jekyll and Mr Hyde / _cRobert Louis Stevenson. |
| 264 | 1 |
_aMadrid : _bPearson Education Limited, _c1999. |
|
| 300 |
_a66 páginas ; _c20 centímetros. |
||
| 336 |
_atext _2rdacontent |
||
| 337 |
_aunmediated _2rdamedia |
||
| 338 |
_avolume _2rdacarrier |
||
| 490 | 0 | _aPenguin Readers | |
| 505 | 0 | _aThe Story of the Door -- The Search for Mr. Hyde -- Dr Jekyll -- The Carew Murder Case -- The Letter -- The Mysterious Death of Dr Lanyon -- The Face at the Window -- Dr Jekyll's Last Night -- Dr Lanyon's Story -- Henry Jekyll's Full Statement o. | |
| 526 | _aP145 | ||
| 526 | _aP127 | ||
| 526 | _aP97 | ||
| 526 | _aP14 | ||
| 526 | _aP07 | ||
| 650 | 1 | 4 |
_aPersonalidad múltiple _xFicción. |
| 650 | 1 | 4 | _aLiteratura juvenil. |
| 910 |
_agl _bjv _clch _d20091202 |
||
| 942 |
_2ddc _cBOOK |
||
| 994 |
_aC0 _bPEPRU |
||
| 596 | _a1 | ||
| 999 |
_a823 S79 _wDEWEY _c50097 _i60698 _d50097 _e2019-7-9 _f2021-11-5 _g3 _lCCODEBUL1 _mBUL _n2 _p2.00 _r0 _sY _tBOOK _u2015-7-6 _xBIBLIOTECA _zAGB _0COMPRA _o.STAFF. Colección Ciencias Empresariales |
||
| 980 |
_81 _gALBERTO SANCHEZ Responsable de Automatización |
||